000 01846cam a2200313 a 4500
999 _c232527
_d232527
001 14808997
003 ASAB
005 20170220151806.0
008 070416s2009 maua 001 0 eng
010 _a 2007926986
020 _a9780618946907
020 _a061894690X
040 _aDLC
_cASAB
_dDLC
042 _apcc
050 0 0 _aQD33.2
_b.Z86 2009
082 _a540
100 1 _aZumdahl, Steven S.
245 1 0 _aChemical principles /
_cSteven S. Zumdahl.
250 _a6th ed.
260 _aBoston :
_bHoughton Mifflin,
_cc2009.
300 _axxiv, 1073, 102 p. :
_bcol. ill. ;
_c26 cm.
500 _aIncludes index.
505 0 _aChemists and chemistry -- Atoms, molecules, and ions -- Stoichiometry -- Types of chemical reactions and solution stoichiometry -- Gases -- Chemical equilibrium -- Acids and bases -- Applications of aqueous equilibria -- Energy, enthalpy and thermochemistry -- Spontaneity, entropy and free energy -- Electrochemistry -- Quantum mechanics and atomic theory -- Bonding: general concepts -- Covalent bonding: orbitals -- Chemical kinetics -- Liquids and solids -- Properties of solutions -- The representative elements -- Transition metals and coordination chemistry -- The nucleus: a chemist's view -- Organic and biochemical molecules -- Appendices.
650 0 _aChemistry.
856 4 2 _3Publisher description
_uhttp://www.loc.gov/catdir/enhancements/fy1215/2007926986-d.html
856 4 1 _3Table of contents only
_uhttp://www.loc.gov/catdir/enhancements/fy1215/2007926986-t.html
856 4 2 _3Contributor biographical information
_uhttp://www.loc.gov/catdir/enhancements/fy1513/2007926986-b.html
906 _a7
_bcbc
_corigcop
_d3
_eepcn
_f20
_gy-gencatlg
942 _2ddc
_cBK